000 00918nam a2200217 i 4500
001 179202
003 ES-MaACL
005 20230912063112.0
008 111003q1870 sp |||| | spa d
100 1 _aCanalejas, Francisco de Paula,
_d1834-1883
_934381
245 1 4 _aLos poemas caballerescos y los libros de caballerías /
_cpor Francisco de P. Canalejas.
260 _aMadrid :
_b[s.n.,
_c1870?] (
_fImp. Central a cargo de V. Saiz)
300 _a221 p. ;
_c19 cm.
530 _aDisponible en formato digital.
596 _aPalau 3, 93 cita una ed. de 1870, NUC lo data también en 1870.
650 4 _aPoesía épica-
_xHistoria y crítica.
_9160540
650 4 _aLibros de caballería-
_xHistoria y crítica.
_914446
852 _aES-MaACL
_jG-9695(2)
856 _uhttp://bibliotecadigital.jcyl.es/es/consulta/registro.do?id=21537
_zBiblioteca Digital de Castilla y León
999 _c179202
_d179202